[Event "Speed Chess Super Swiss"]
[Site "chess.com INT"]
[Date "2020.10.03"]
[Round "10"]
[White "Hadzimanolis, A."]
[Black "Barron, Michael"]
[Result "1-0"]
[WhiteElo "2214"]
[BlackElo "2108"]
[PlyCount "87"]
[EventDate "2020.10.03"]
[EventType "swiss (blitz)"]
[EventRounds "15"]
[EventCountry "NET"]
[Source "Mark Crowther"]
[SourceDate "2020.10.05"]

1. Nf3 f5 2. d3 d6 3. e4 e5 4. Nc3 c5 5. exf5 Bxf5 6. Be2 Nc6 7. O-O Nf6 8. Bg5
Be7 9. Bxf6 Bxf6 10. Nd5 O-O 11. Nd2 Qd7 12. Ne4 Rf7 13. c3 Raf8 14. Bh5 Bg6
15. Bxg6 hxg6 16. Qe2 Bd8 17. Qe3 Qe6 18. c4 Nd4 19. Rac1 Qg4 20. Kh1 Nf5 21.
Qd2 Nh4 22. f3 Qe6 23. Rc2 Rf5 24. Qe1 g5 25. Qg3 Qh6 26. Qg4 Rf4 27. Nxf4 Rxf4
28. Qd7 Bf6 29. Qxd6 Nf5 30. Qe6+ Kh7 31. Nxf6+ gxf6 32. Qf7+ Ng7 33. Re2 g4
34. Re4 g3 35. h3 Qg5 36. Qd7 Kh6 37. Rxf4 Qxf4 38. Qg4 Nf5 39. Qxf4+ exf4 40.
Re1 Ne3 41. Re2 Kg6 42. Kg1 Kf5 43. a3 Ke5 44. b4 1-0

[Event "Speed Chess Super Swiss"]
[Site "chess.com INT"]
[Date "2020.10.03"]
[Round "11"]
[White "Barron, Michael"]
[Black "Xie, Bryan"]
[Result "0-1"]
[WhiteElo "2108"]
[BlackElo "2050"]
[PlyCount "92"]
[EventDate "2020.10.03"]
[EventType "swiss (blitz)"]
[EventRounds "15"]
[EventCountry "NET"]
[Source "Mark Crowther"]
[SourceDate "2020.10.05"]

1. e4 c5 2. Nf3 Nc6 3. d4 cxd4 4. Nxd4 g6 5. c4 Nf6 6. Nc3 d6 7. Be2 Nxd4 8.
Qxd4 Bg7 9. Be3 O-O 10. Qd2 Be6 11. O-O Qa5 12. Rad1 Rfc8 13. b3 a6 14. Bd4 b5
15. cxb5 axb5 16. Bxb5 Rxc3 17. Bxc3 Qxb5 18. f3 Rc8 19. Rc1 Nxe4 20. fxe4 Qc5+
21. Qf2 Qxf2+ 22. Rxf2 Rxc3 23. Rxc3 Bxc3 24. Rc2 Bd4+ 25. Kf1 Bc5 26. Ke2 Bd7
27. a4 Be6 28. Rc3 Bb4 29. Rd3 Kg7 30. Ke3 Kf6 31. Kd4 g5 32. Rf3+ Kg6 33. Rf1
g4 34. Ra1 Ba5 35. Rb1 Bb4 36. Kd3 d5 37. e5 Bf5+ 38. Kd4 Bxb1 39. Kxd5 Bd3 40.
Kc6 Kf5 41. Kb6 Kxe5 42. a5 Bxa5+ 43. Kxa5 Kd4 44. b4 Ke3 45. b5 Bxb5 46. Kxb5
Kf2 0-1

[Event "Speed Chess Super Swiss"]
[Site "chess.com INT"]
[Date "2020.10.03"]
[Round "13"]
[White "Blanco, Ce"]
[Black "Barron, Michael"]
[Result "1-0"]
[WhiteElo "2065"]
[BlackElo "2108"]
[PlyCount "105"]
[EventDate "2020.10.03"]
[EventType "swiss (blitz)"]
[EventRounds "15"]
[EventCountry "NET"]
[Source "Mark Crowther"]
[SourceDate "2020.10.05"]

1. d4 f5 2. Nf3 Nf6 3. g3 g6 4. Bg2 Bg7 5. O-O O-O 6. c4 d6 7. Nc3 c6 8. Nd2 e5
9. d5 c5 10. f3 Na6 11. a3 Nc7 12. e4 Bd7 13. exf5 gxf5 14. Rb1 b5 15. cxb5
Nxb5 16. Nxb5 Bxb5 17. Re1 Bd3 18. Ra1 Qb6 19. Nf1 Ba6 20. Rb1 Bc4 21. Ne3 Ba2
22. Ra1 Bb3 23. Qe2 f4 24. Nc4 Qa6 25. Bf1 Nxd5 26. Nd2 Qxe2 27. Bxe2 Ba4 28.
Bc4 Bc6 29. Ne4 Kh8 30. Nxd6 Rad8 31. Ne4 fxg3 32. Bg5 Rc8 33. hxg3 Rxf3 34.
Rf1 Rcf8 35. Rxf3 Rxf3 36. Rf1 Rxf1+ 37. Kxf1 Nb6 38. Bd3 c4 39. Bb1 h6 40. Be3
Kg8 41. Nd6 Bf8 42. Bxb6 Bxd6 43. Be3 h5 44. Kf2 a5 45. Bf5 Kf7 46. Bc2 Kf6 47.
b3 Bd5 48. bxc4 Bxc4 49. Be4 Bxa3 50. Bb1 Bb2 51. Bc2 Bd4 52. Ba4 Bxe3+ 53.
Kxe3 1-0

[Event "Speed Chess Super Swiss"]
[Site "chess.com INT"]
[Date "2020.10.03"]
[Round "15"]
[White "Narva, R."]
[Black "Barron, Michael"]
[Result "0-1"]
[WhiteElo "1901"]
[BlackElo "2108"]
[PlyCount "74"]
[EventDate "2020.10.03"]
[EventType "swiss (blitz)"]
[EventRounds "15"]
[EventCountry "NET"]
[Source "Mark Crowther"]
[SourceDate "2020.10.05"]

1. e4 e5 2. Nc3 Nf6 3. f4 d5 4. fxe5 Nxe4 5. d3 Nxc3 6. bxc3 Be7 7. Nf3 O-O 8.
d4 c5 9. Bd3 Nc6 10. O-O f6 11. Nh4 c4 12. Bxh7+ Kxh7 13. Qh5+ Kg8 14. Ng6 Qe8
15. e6 Bxe6 16. Qh8+ Kf7 17. Qh5 Kg8 18. Qh8+ Kf7 19. Qh5 Bd7 20. Nxf8+ Kxf8
21. Qh8+ Kf7 22. Qh5+ Kg8 23. Qh4 Qg6 24. Bf4 Re8 25. Rf3 Bf8 26. Rg3 Qf5 27.
Rh3 Qxc2 28. Qh8+ Kf7 29. Qh5+ Qg6 30. Qxd5+ Be6 31. Qb5 Bxh3 32. Qxb7+ Re7 33.
Qxc6 Re2 34. Bg3 Rxg2+ 35. Kh1 Re2 36. Qxc4+ Re6 37. Rb1 Qxb1+ 0-1

[Event "WTch Seniors 50+"]
[Site "Rhodes GRE"]
[Date "2019.04.17"]
[Round "2.3"]
[White "Barron, Michael"]
[Black "Bellia, Fabrizio"]
[Result "0-1"]
[WhiteElo "2124"]
[BlackElo "2447"]
[PlyCount "126"]
[EventDate "2019.04.16"]
[EventType "team"]
[EventRounds "9"]
[EventCountry "GRE"]
[Source "ChessMix"]
[SourceDate "2019.05.01"]
[WhiteTeam "Canada"]
[BlackTeam "Italy"]
[WhiteTeamCountry "CAN"]
[BlackTeamCountry "ITA"]

1. e4 e5 2. Nf3 Nc6 3. Bb5 a6 4. Ba4 Nf6 5. O-O Be7 6. Re1 b5 7. Bb3 d6 8. c3
O-O 9. d4 Bg4 10. d5 Na5 11. Bc2 Qc8 12. h3 Bd7 13. Nbd2 c6 14. dxc6 Qxc6 15.
Nf1 Nc4 16. a4 Rfe8 17. Ng3 h6 18. b3 Na5 19. Bd2 Qc7 20. axb5 axb5 21. Qe2 Qb7
22. c4 Nc6 23. cxb5 Na7 24. Bd3 Nxb5 25. Bc4 Na3 26. Qd3 Nxc4 27. bxc4 Rxa1 28.
Rxa1 Bc6 29. Re1 Bf8 30. Bc3 Nd7 31. Rb1 Qc7 32. Nd2 Nc5 33. Qf1 h5 34. f3 g6
35. Qe2 Ne6 36. Qe3 Nf4 37. Ne2 Nxe2+ 38. Qxe2 Ra8 39. Nf1 Bd7 40. Ne3 Be6 41.
Rd1 Ra4 42. Bd2 Qc5 43. Kh2 Bxc4 44. Nxc4 Qxc4 45. Qxc4 Rxc4 46. Be3 f5 47.
exf5 gxf5 48. Bg5 Kf7 49. Kg3 Kg6 50. f4 e4 51. Kh4 Rc3 52. g4 hxg4 53. hxg4 e3
54. Re1 d5 55. Bd8 Bd6 56. Kg3 Rc4 57. Bg5 Re4 58. Re2 d4 59. Kf3 Re8 60. Rh2
fxg4+ 61. Kxg4 e2 62. f5+ Kf7 63. Rh7+ Kg8 0-1

[Event "WTch Seniors 50+"]
[Site "Rhodes GRE"]
[Date "2019.04.23"]
[Round "8.9"]
[White "Barron, Michael"]
[Black "Franzen, Thomas"]
[Result "1-0"]
[WhiteElo "2124"]
[BlackElo "2015"]
[PlyCount "61"]
[EventDate "2019.04.16"]
[EventType "team"]
[EventRounds "9"]
[EventCountry "GRE"]
[Source "ChessMix"]
[SourceDate "2019.05.01"]
[WhiteTeam "Canada"]
[BlackTeam "Sweden 1"]
[WhiteTeamCountry "CAN"]

1. e4 c5 2. Nf3 Nc6 3. d4 cxd4 4. Nxd4 Nf6 5. Nc3 e5 6. Ndb5 d6 7. Nd5 Nxd5 8.
exd5 Nb8 9. c4 Be7 10. Bd3 O-O 11. O-O f5 12. f4 a6 13. Nc3 e4 14. Be2 Bf6 15.
Be3 Nd7 16. Rc1 Rb8 17. b4 b6 18. Na4 Bb7 19. c5 dxc5 20. bxc5 Nxc5 21. Nxc5
bxc5 22. Bxc5 Bxd5 23. Bxf8 Kxf8 24. Rc2 Qa5 25. Qd2 Qb6+ 26. Kh1 Rd8 27. Qc1
Be7 28. Rd1 Qe6 29. Qe3 Bxa2 30. Rxd8+ Bxd8 31. Qa3+ 1-0

[Event "WTch Senior 50+"]
[Site "Dresden GER"]
[Date "2018.07.08"]
[Round "2.8"]
[White "Eriksson, Urban"]
[Black "Barron, Michael"]
[Result "0-1"]
[WhiteElo "1875"]
[BlackElo "2123"]
[PlyCount "86"]
[EventDate "2018.07.07"]
[EventType "team"]
[EventRounds "9"]
[EventCountry "GER"]
[Source "ChessMix"]
[SourceDate "2018.07.20"]
[WhiteTeam "Sweden North"]
[BlackTeam "Canada"]
[BlackTeamCountry "CAN"]

1. Nf3 f5 2. g3 Nf6 3. c4 d6 4. d4 g6 5. Bg2 Bg7 6. Nc3 O-O 7. O-O c6 8. d5 Bd7
9. h3 Na6 10. Be3 Nc7 11. Qd2 Qe8 12. Rad1 c5 13. Bh6 b5 14. Bxg7 Kxg7 15. cxb5
Bxb5 16. Nxb5 Qxb5 17. Ne1 a5 18. Nd3 Rab8 19. b3 Ncxd5 20. Bxd5 Nxd5 21. Nxc5
Qxc5 22. Qxd5 Qxd5 23. Rxd5 a4 24. Rb1 Rb4 25. a3 Rxb3 26. Rxb3 axb3 27. Rb5
Rc8 28. Rxb3 Rc2 29. Kf1 Kf6 30. a4 Ra2 31. Rb4 e5 32. Rb6 Ke6 33. Rb7 Rxa4 34.
Rxh7 d5 35. e3 d4 36. exd4 exd4 37. Rg7 d3 38. Ke1 Ra2 39. Rxg6+ Kd5 40. Rg8
Re2+ 41. Kf1 Kc4 42. Rc8+ Kb3 43. Rc1 Re8 0-1

[Event "WTch Senior 50+"]
[Site "Dresden GER"]
[Date "2018.07.09"]
[Round "3.2"]
[White "Barron, Michael"]
[Black "Tischbierek, Raj"]
[Result "0-1"]
[WhiteElo "2123"]
[BlackElo "2436"]
[PlyCount "86"]
[EventDate "2018.07.07"]
[EventType "team"]
[EventRounds "9"]
[EventCountry "GER"]
[Source "ChessMix"]
[SourceDate "2018.07.20"]
[WhiteTeam "Canada"]
[BlackTeam "Germany 1"]
[WhiteTeamCountry "CAN"]

1. e4 c5 2. Nf3 Nc6 3. d4 cxd4 4. Nxd4 Nf6 5. Nc3 d6 6. Be2 g6 7. O-O Bg7 8.
Nb3 O-O 9. Kh1 a6 10. f4 b5 11. Bf3 Bb7 12. Nd5 Nd7 13. c3 e6 14. Ne3 Qc7 15.
Qe2 Ne7 16. Bd2 Rfe8 17. Rad1 e5 18. f5 gxf5 19. exf5 e4 20. Bg4 Nf6 21. Bh3 h5
22. g4 hxg4 23. Bxg4 Kh7 24. Qg2 Rh8 25. Rg1 Kg8 26. Be2 Rh7 27. Be1 Kh8 28.
Bg3 Ned5 29. Nc2 Rg8 30. Rd4 Qc8 31. Qf1 Nh5 32. Bxd6 Bxd4 33. Ncxd4 Rxg1+ 34.
Kxg1 Qg8+ 35. Kf2 Nhf4 36. Ke1 Ng2+ 37. Kf2 e3+ 38. Kg1 Ngf4+ 39. Kh1 Nxe2 40.
Na5 Ng3+ 41. Bxg3 Qxg3 42. Qg1 Qxg1+ 43. Kxg1 Ba8 0-1

[Event "CAN-op"]
[Site "Sault Ste Marie CAN"]
[Date "2017.07.08"]
[Round "1.4"]
[White "Barron, Michael"]
[Black "Chopra, Aryan"]
[Result "1/2-1/2"]
[WhiteElo "2178"]
[BlackElo "2491"]
[PlyCount "130"]
[EventDate "2017.07.08"]
[EventType "swiss"]
[EventRounds "9"]
[EventCountry "CAN"]

1. e4 e5 2. Nf3 Nc6 3. Bb5 a6 4. Ba4 g6 5. d4 exd4 6. Nxd4 Bg7 7. Nxc6 dxc6 8.
Qxd8+ Kxd8 9. Nc3 Be6 10. Bb3 c5 11. Bxe6 fxe6 12. Bg5+ Ke8 13. O-O-O Nh6 14.
f3 Nf7 15. Bf4 Ne5 16. Bxe5 Bxe5 17. Ne2 Rf8 18. c3 a5 19. Rhf1 g5 20. g3 h6
21. f4 Bg7 22. Kc2 a4 23. e5 Ke7 24. Kd3 b5 25. Ke4 Rad8 26. g4 Rxd1 27. Rxd1
h5 28. f5 hxg4 29. f6+ Bxf6 30. exf6+ Rxf6 31. Rg1 Rf2 32. Ke3 Rxh2 33. Rxg4
Kf6 34. Kf3 e5 35. Rg2 e4+ 36. Kg3 Rh7 37. Ng1 Rd7 38. Re2 Rd3+ 39. Kg4 a3 40.
Nh3 axb2 41. Rxb2 Rxc3 42. Nxg5 Rc1 43. Nxe4+ Ke5 44. Nf2 Rc4+ 45. Kf3 c6 46.
Rd2 Rc3+ 47. Nd3+ Kd4 48. Ke2 c4 49. Nf2+ Ke5 50. Ng4+ Kf5 51. Ne3+ Ke4 52. Nc2
c5 53. Kd1 Rh3 54. Ne1 b4 55. Re2+ Kd5 56. Ng2 Rh1+ 57. Kc2 Kc6 58. Ne3 Kb5 59.
Nd1 Rh3 60. Rg2 c3 61. Nf2 Re3 62. Nd3 c4 63. Nc1 Rh3 64. Rf2 Ka4 65. Rg2 Rf3
1/2-1/2

[Event "CAN-op"]
[Site "Sault Ste Marie CAN"]
[Date "2017.07.09"]
[Round "2.10"]
[White "Plotkin, Victor"]
[Black "Barron, Michael"]
[Result "1-0"]
[WhiteElo "2265"]
[BlackElo "2178"]
[PlyCount "156"]
[EventDate "2017.07.08"]
[EventType "swiss"]
[EventRounds "9"]
[EventCountry "CAN"]

1. e4 e5 2. Nf3 Nc6 3. Bc4 Bc5 4. d3 Nf6 5. Nc3 d6 6. h3 a6 7. O-O Be6 8. Bb3
O-O 9. Be3 Nd4 10. Bxd4 exd4 11. Ne2 Bxb3 12. axb3 d5 13. Ng3 Re8 14. Re1 Bb4
15. Re2 dxe4 16. dxe4 c5 17. Qd3 h6 18. Nf5 Ba5 19. e5 Nd5 20. Qe4 Bc7 21. Qg4
g6 22. Nxh6+ Kf8 23. h4 Qc8 24. Qg5 Bd8 25. Qd2 Kg7 26. c4 Nc7 27. Qf4 Rf8 28.
Ng4 Rh8 29. Ng5 Qf5 30. Qg3 Bxg5 31. hxg5 Ne6 32. Nf6 Nxg5 33. f4 Ne6 34. Rf1
Rad8 35. Rd2 g5 36. Nd5 Rh4 37. Ne7 Qh7 38. f5 Rh1+ 39. Kf2 Rxf1+ 40. Kxf1 Qh1+
41. Kf2 Qc1 42. Re2 d3 43. Qh2 Kf8 44. Nd5 Rxd5 45. cxd5 dxe2 46. Qh8+ Ke7 47.
d6+ Kd7 48. fxe6+ fxe6 49. Qh7+ Kc6 50. Qe4+ Kb6 51. Qxe2 Qf4+ 52. Kg1 g4 53.
Qd1 g3 54. Qe1 Qh4 55. Kf1 Qb4 56. Qe2 Qxb3 57. Ke1 Qb4+ 58. Kd1 Qd4+ 59. Qd2
Qd5 60. Qxd5 exd5 61. e6 Kc6 62. d7 Kc7 63. Ke2 d4 64. Kd3 b5 65. b4 cxb4 66.
Kxd4 a5 67. Ke5 b3 68. Kf6 b2 69. Ke7 b1=Q 70. d8=Q+ Kc6 71. Qd6+ Kb7 72. Kd8
Qc2 73. Qd5+ Kb6 74. Qd6+ Kb7 75. Qd7+ Kb6 76. e7 Qxg2 77. Qd6+ Ka7 78. e8=Q
Qa8+ 1-0

[Event "CAN-op"]
[Site "Sault Ste Marie CAN"]
[Date "2017.07.10"]
[Round "3.10"]
[White "Wiebe, Daniel"]
[Black "Barron, Michael"]
[Result "0-1"]
[WhiteElo "1939"]
[BlackElo "2178"]
[PlyCount "54"]
[EventDate "2017.07.08"]
[EventType "swiss"]
[EventRounds "9"]
[EventCountry "CAN"]

1. e4 e5 2. Nf3 Nc6 3. d4 exd4 4. Nxd4 Bc5 5. Be3 Qf6 6. c3 Nge7 7. Bc4 Ne5 8.
Be2 O-O 9. O-O d5 10. f4 Qh6 11. Nd2 Bb6 12. a4 a5 13. h3 dxe4 14. Nxe4 Nf5 15.
Bf2 Qxf4 16. Nf6+ gxf6 17. Nxf5 Bxf2+ 18. Rxf2 Qe4 19. Ng3 Qe3 20. Nh5 f5 21.
Qf1 Be6 22. Re1 Qb6 23. Kh1 Rad8 24. Bb5 Ng6 25. Bd3 Rxd3 26. Qxd3 Qxf2 27. Re3
Qh4 0-1

[Event "CAN-op"]
[Site "Sault Ste Marie CAN"]
[Date "2017.07.11"]
[Round "4.7"]
[White "Barron, Michael"]
[Black "Tarjan, James"]
[Result "0-1"]
[WhiteElo "2292"]
[BlackElo "2477"]
[PlyCount "128"]
[EventDate "2017.07.08"]
[EventType "swiss"]
[EventRounds "9"]
[EventCountry "CAN"]

1. e4 e5 2. Nf3 Nc6 3. Bb5 a6 4. Ba4 Nf6 5. O-O Be7 6. Re1 b5 7. Bb3 d6 8. c3
O-O 9. d4 Bg4 10. d5 Na5 11. Bc2 Qc8 12. Nbd2 c6 13. h3 Bd7 14. b4 Nb7 15. dxc6
Qxc6 16. Bb2 a5 17. a3 Rfb8 18. Bd3 axb4 19. cxb4 Nd8 20. Rc1 Qb6 21. Nb1 Ne6
22. g3 Bf8 23. Bf1 Bc6 24. Nc3 Qb7 25. Qd3 Rd8 26. Bg2 g6 27. Nd5 Nxd5 28. exd5
Bxd5 29. Nh4 Bxg2 30. Nxg2 Ng5 31. Red1 d5 32. Bxe5 d4 33. f4 Nf3+ 34. Kf2 Nxe5
35. fxe5 Qd5 36. Rc2 Qxe5 37. Nf4 Qe3+ 38. Qxe3 dxe3+ 39. Ke2 Rxd1 40. Kxd1
Rxa3 41. Rc8 Kg7 42. Rb8 Bxb4 43. Rxb5 Bd6 44. Ke2 Bxf4 45. gxf4 Ra2+ 46. Kxe3
Ra3+ 47. Kf2 Rxh3 48. Ra5 Rb3 49. Ke2 f5 50. Ra7+ Kh6 51. Rc7 Kh5 52. Rxh7+ Kg4
53. Rg7 Rb6 54. Ra7 Rb2+ 55. Ke1 Kxf4 56. Ra3 Kg4 57. Rc3 g5 58. Ra3 f4 59. Rc3
f3 60. Rc5 Kf4 61. Ra5 g4 62. Ra4+ Kg3 63. Ra1 Re2+ 64. Kf1 Rh2 0-1

[Event "CAN-op"]
[Site "Sault Ste Marie CAN"]
[Date "2017.07.12"]
[Round "5.11"]
[White "Shen, Christopher"]
[Black "Barron, Michael"]
[Result "1-0"]
[WhiteElo "2165"]
[BlackElo "2178"]
[PlyCount "201"]
[EventDate "2017.07.08"]
[EventType "swiss"]
[EventRounds "9"]
[EventCountry "CAN"]

1. Nf3 f5 2. d4 Nf6 3. g3 g6 4. Bg2 Bg7 5. c4 d6 6. Nc3 O-O 7. O-O c6 8. d5 e5
9. dxe6 Bxe6 10. Qd3 Na6 11. Ng5 Nc5 12. Nxe6 Nxe6 13. Rd1 Ne8 14. b3 Nc5 15.
Qc2 Ne4 16. Bxe4 fxe4 17. Rb1 Bxc3 18. Qxc3 Qf6 19. Qe3 Qf5 20. Bb2 d5 21. cxd5
cxd5 22. Rbc1 Rf7 23. Rc5 Rd8 24. Qd4 Nf6 25. Rdc1 a6 26. Rc7 Rdf8 27. Rxf7
Rxf7 28. Rc5 g5 29. Qe5 Qxe5 30. Bxe5 Ng4 31. Rxd5 Rf5 32. Rd8+ Rf8 33. Rxf8+
Kxf8 34. Bd4 Kf7 35. h3 Nh6 36. g4 Ke6 37. Kf1 Nf7 38. Ke1 Kd5 39. Bf6 Ke6 40.
Bc3 Nd8 41. Kd2 Kd5 42. Ke3 Ne6 43. f3 exf3 44. exf3 Nf4 45. h4 Ng2+ 46. Kf2
Nxh4 47. Bf6 h6 48. Bg7 Ng6 49. Bxh6 Nf4 50. Ke3 Ne6 51. f4 gxf4+ 52. Bxf4 Nd4
53. g5 Nc2+ 54. Kd2 Nb4 55. a3 Nc6 56. Kd3 Ne7 57. Bd2 Nc6 58. Bc3 Ne7 59. Ke3
Ng6 60. Kf3 Ne7 61. Kf4 Ke6 62. Ke4 Ng6 63. Kd4 Ne5 64. Kc5 Nd7+ 65. Kc4 Nf8
66. Bb4 Nd7 67. Bc3 Nf8 68. a4 Kf5 69. Bd2 Ke5 70. b4 Nd7 71. a5 b5+ 72. axb6
Nxb6+ 73. Kc5 Nd5 74. g6 Ne7 75. g7 Kf6 76. Bc3+ Kf7 77. Kd6 Nf5+ 78. Kc6 Ne3
79. Kc5 Nc2 80. Be5 Ne3 81. Kd4 Nc2+ 82. Kc3 Ne3 83. Kb3 Nd5 84. Bd4 Nf4 85.
Kc4 Ne6 86. Be5 Ng5 87. Kc5 Ne4+ 88. Kd5 Ng5 89. Kc6 Ne4 90. Bd4 Ng5 91. Kb6
Ne6 92. Be5 Nd8 93. Bf6 Ne6 94. Kxa6 Nc7+ 95. Ka5 Nd5 96. Be5 Ne7 97. b5 Nf5
98. Bc3 Nd6 99. b6 Nb7+ 100. Ka6 Nc5+ 101. Ka7 1-0

[Event "CAN-op"]
[Site "Sault Ste Marie CAN"]
[Date "2017.07.13"]
[Round "6.13"]
[White "Barron, Michael"]
[Black "Dougherty, Michael"]
[Result "0-1"]
[WhiteElo "2178"]
[BlackElo "2204"]
[PlyCount "80"]
[EventDate "2017.07.08"]
[EventType "swiss"]
[EventRounds "9"]
[EventCountry "CAN"]

1. e4 e6 2. d4 d5 3. Nd2 a6 4. Bd3 c5 5. c3 Nc6 6. Ne2 cxd4 7. cxd4 dxe4 8.
Nxe4 Bb4+ 9. Bd2 Bxd2+ 10. Qxd2 Nf6 11. O-O O-O 12. Nxf6+ Qxf6 13. Be4 Bd7 14.
Rac1 Rad8 15. Rc3 e5 16. d5 Ne7 17. Qc2 g6 18. Rd1 Qd6 19. Qb3 Bb5 20. Re3 f5
21. Bc2 f4 22. Re4 Nf5 23. Nc3 Bd7 24. a3 b5 25. Qb4 Qf6 26. Ree1 Nd4 27. Be4
f3 28. Bxf3 Nxf3+ 29. gxf3 Bh3 30. f4 Qh4 31. Rd3 exf4 32. Ne4 Qg4+ 33. Ng3
fxg3 34. hxg3 Qxb4 35. axb4 Rd6 36. f3 Bf5 37. Rd4 Bc2 38. Re3 Rfd8 39. Rd2 Bf5
40. g4 Be6 0-1

[Event "CAN-op"]
[Site "Sault Ste Marie CAN"]
[Date "2017.07.14"]
[Round "7.14"]
[White "Fradkin, Benjamin"]
[Black "Barron, Michael"]
[Result "1-0"]
[WhiteElo "1868"]
[BlackElo "2178"]
[PlyCount "95"]
[EventDate "2017.07.08"]
[EventType "swiss"]
[EventRounds "9"]
[EventCountry "CAN"]

1. d4 f5 2. e4 fxe4 3. Nc3 Nf6 4. Bg5 Nc6 5. Bxf6 exf6 6. d5 Ne5 7. Qd4 Qe7 8.
a3 f5 9. O-O-O Qf6 10. Nb5 Bd6 11. Nxd6+ cxd6 12. Qb4 b6 13. f3 exf3 14. gxf3
O-O 15. f4 Ng4 16. Nh3 Bb7 17. Bb5 Ne3 18. Rd3 Rae8 19. Bxd7 Nxd5 20. Qb3 Re7
21. Rxd5 Qf7 22. Rhd1 Bxd5 23. Rxd5 Kh8 24. Rxf5 Qxb3 25. Rxf8+ Qg8 26. Rxg8+
Kxg8 27. Bc6 Re2 28. Bd5+ Kf8 29. Ng5 Rxh2 30. Ne6+ Kf7 31. Nd4+ Kf6 32. Nb5
Kf5 33. Nxa7 Kxf4 34. a4 g5 35. b4 g4 36. a5 bxa5 37. b5 g3 38. b6 Ke5 39. Bc6
d5 40. b7 Rh1+ 41. Kb2 g2 42. b8=Q+ Kf5 43. Qf8+ Kg4 44. Qg8+ Kh3 45. Qxh7+ Kg3
46. Qg6+ Kf3 47. Qxg2+ Kxg2 48. Bxd5+ 1-0

[Event "CAN-op"]
[Site "Sault Ste Marie CAN"]
[Date "2017.07.15"]
[Round "8.14"]
[White "Barron, Michael"]
[Black "Doubleday, William"]
[Result "1-0"]
[WhiteElo "2178"]
[BlackElo "1950"]
[PlyCount "71"]
[EventDate "2017.07.08"]
[EventType "swiss"]
[EventRounds "9"]
[EventCountry "CAN"]

1. e4 c5 2. Nf3 Nc6 3. d4 cxd4 4. Nxd4 Qb6 5. Nb3 Nf6 6. Nc3 e6 7. Be3 Qc7 8.
a3 a6 9. f4 d6 10. g4 Be7 11. g5 Nd7 12. Qh5 b5 13. O-O-O Rb8 14. f5 Nde5 15.
Bh3 g6 16. Qh6 Bf8 17. Qh4 b4 18. axb4 Rxb4 19. Qf2 Be7 20. Rhf1 Nc4 21. fxe6
Nxe3 22. exf7+ Kd8 23. Qxe3 Bxh3 24. Qxh3 Rxb3 25. cxb3 Nb4 26. Kb1 Qc8 27.
Qxc8+ Kxc8 28. Nd5 Nxd5 29. Rxd5 Rf8 30. e5 dxe5 31. Rxe5 Bd6 32. Re8+ Kd7 33.
Rxf8 Bxf8 34. Kc2 Ke6 35. Kd3 a5 36. Kc4 1-0

[Event "CAN-op"]
[Site "Sault Ste Marie CAN"]
[Date "2017.07.16"]
[Round "9.13"]
[White "Barron, Michael"]
[Black "Zhang, Henry"]
[Result "1-0"]
[WhiteElo "2178"]
[BlackElo "1914"]
[PlyCount "73"]
[EventDate "2017.07.08"]
[EventType "swiss"]
[EventRounds "9"]
[EventCountry "CAN"]

1. e4 c5 2. Nf3 e6 3. d4 cxd4 4. Nxd4 Nc6 5. Nc3 Qc7 6. Be3 a6 7. f4 b5 8. Qf3
Bb7 9. Bd3 Nf6 10. g4 d6 11. g5 Nd7 12. O-O-O Rc8 13. Kb1 b4 14. Nce2 e5 15.
Nxc6 Qxc6 16. Rhf1 Rc7 17. Ng3 exf4 18. Qxf4 Ne5 19. Bd4 Nxd3 20. cxd3 Qc2+ 21.
Ka1 Qa4 22. b3 Qd7 23. Nf5 Rg8 24. e5 d5 25. Rde1 Rc6 26. Nd6+ Kd8 27. Qxf7
Qxf7 28. Rxf7 Bc8 29. Nxc8 Rxc8 30. e6 Ke8 31. Kb1 Bd6 32. Bxg7 Bxh2 33. Bf6
Rc7 34. Rh1 Bd6 35. Rhxh7 Rc8 36. Rd7 Bc5 37. Rc7 1-0

[Event "Toronto Closed"]
[Site "Toronto CAN"]
[Date "2017.04.10"]
[Round "1"]
[White "Barron, Michael"]
[Black "Plotkin, Victor"]
[Result "1/2-1/2"]
[WhiteElo "2288"]
[BlackElo "2387"]
[PlyCount "105"]
[EventDate "2017.04.10"]
[EventType "tourn"]
[EventRounds "7"]
[EventCountry "CAN"]

1. e4 e5 2. Nf3 Nf6 3. Nxe5 d6 4. Nf3 Nxe4 5. Nc3 Nxc3 6. dxc3 Be7 7. Be3 Nc6
8. Qd2 Be6 9. O-O-O Qd7 10. Bd3 a6 11. Nd4 Ne5 12. Rhe1 Nxd3+ 13. Qxd3 O-O 14.
Kb1 Bf6 15. Nxe6 fxe6 16. f4 Qb5 17. Bd2 Qxd3 18. cxd3 e5 19. f5 h5 20. h3 h4
21. Re4 Be7 22. Rf1 Rf7 23. Be1 Raf8 24. Bxh4 Bxh4 25. Rxh4 Rxf5 26. Rxf5 Rxf5
27. Rg4 Rf2 28. a4 b6 29. Ka2 Kf7 30. Kb3 Kf6 31. d4 g5 32. g3 exd4 33. Rxd4
Rg2 34. Rd3 Rh2 35. Rf3+ Ke6 36. g4 Re2 37. h4 gxh4 38. Rh3 Kf6 39. Rxh4 Re7
40. a5 Kg5 41. Rh8 bxa5 42. Rg8+ Kf4 43. g5 Kf5 44. g6 Kf6 45. Ra8 Re5 46. Rxa6
Rb5+ 47. Ka4 Rxb2 48. Kxa5 Ke6 49. g7 Rg2 50. Kb5 Rxg7 51. Kc6 Rg4 52. Kxc7
Rc4+ 53. Rc6 1/2-1/2

[Event "Toronto Closed"]
[Site "Toronto CAN"]
[Date "2017.04.24"]
[Round "2"]
[White "Southam, David"]
[Black "Barron, Michael"]
[Result "1-0"]
[WhiteElo "2263"]
[BlackElo "2288"]
[PlyCount "105"]
[EventDate "2017.04.10"]
[EventType "tourn"]
[EventRounds "7"]
[EventCountry "CAN"]

1. e4 e5 2. Nf3 Nc6 3. Bb5 a6 4. Ba4 Nf6 5. O-O Be7 6. Bxc6 dxc6 7. Qe1 c5 8.
d3 Nd7 9. b3 O-O 10. Bb2 Bd6 11. a4 Re8 12. Nbd2 Nf8 13. Nc4 Ng6 14. Nxd6 cxd6
15. Nd2 Nf4 16. Kh1 Re6 17. g3 Rh6 18. f3 Nh5 19. Qf2 Qg5 20. Rg1 Bh3 21. Nc4
Qe7 22. Nb6 Rf8 23. Nd5 Qd8 24. g4 Nf4 25. Nxf4 exf4 26. g5 Rh5 27. Qd2 f6 28.
gxf6 Rxf6 29. Bxf6 Qxf6 30. Rad1 Be6 31. d4 cxd4 32. Qf2 Rc5 33. Qxd4 Qxd4 34.
Rxd4 Rxc2 35. Rxd6 Bxb3 36. Rd7 g6 37. Rxb7 Bxa4 38. Ra7 Bb5 39. Rd1 Rc8 40.
Kg2 h5 41. Rd6 Be8 42. h4 a5 43. e5 a4 44. e6 a3 45. Rxa3 Kg7 46. Ra7+ Kf6 47.
e7+ Kf7 48. Rd4 Rc2+ 49. Kh3 g5 50. hxg5 Bb5 51. Rxf4+ Kg6 52. Re4 Kxg5 53. Ra5
1-0

[Event "CAN-op"]
[Site "Windsor CAN"]
[Date "2016.07.10"]
[Round "1.14"]
[White "Gaisinsky, Adam"]
[Black "Barron, Michael"]
[Result "0-1"]
[WhiteElo "1994"]
[BlackElo "2309"]
[PlyCount "79"]
[EventDate "2016.07.10"]
[EventType "swiss"]
[EventRounds "9"]
[EventCountry "CAN"]

1. e4 e5 2. Nf3 Nc6 3. Bb5 a6 4. Ba4 Nf6 5. O-O Be7 6. Re1 b5 7. Bb3 O-O 8. d3
d6 9. c3 Na5 10. Bc2 c5 11. Nbd2 g6 12. Nf1 Nh5 13. Ng3 Nf4 14. Bxf4 exf4 15.
Ne2 g5 16. d4 g4 17. Nd2 Bg5 18. e5 dxe5 19. Ne4 cxd4 20. cxd4 Nc6 21. dxe5
Nxe5 22. Qxd8 Bxd8 23. Nxf4 Ng6 24. Nd5 Kg7 25. Nc5 Ra7 26. a4 Ne7 27. Nxe7
Bxe7 28. Nd3 b4 29. Bb3 Bf6 30. Re2 a5 31. Bc4 Rc7 32. Rc1 Rd8 33. Bb3 Rxc1+
34. Nxc1 Ba6 35. Re1 Bxb2 36. h3 Rc8 37. Ne2 Bc4 38. Bxc4 Rxc4 39. hxg4 b3 40.
Rb1 0-1

[Event "CAN-op"]
[Site "Windsor CAN"]
[Date "2016.07.13"]
[Round "4.17"]
[White "Barron, Michael"]
[Black "Fradkin, Benjamin"]
[Result "1-0"]
[WhiteElo "2309"]
[BlackElo "2106"]
[PlyCount "85"]
[EventDate "2016.07.10"]
[EventType "swiss"]
[EventRounds "9"]
[EventCountry "CAN"]

1. e4 c6 2. d4 d5 3. Nd2 dxe4 4. Nxe4 Bf5 5. Ng3 Bg6 6. h4 h6 7. Nf3 Nd7 8. h5
Bh7 9. Bd3 Bxd3 10. Qxd3 e6 11. Bd2 Ngf6 12. O-O-O Qb6 13. Ne5 Nxe5 14. dxe5
Nd5 15. c4 Qa6 16. Be3 Qxa2 17. cxd5 cxd5 18. Qb5+ Kd8 19. Kd2 Qa6 20. Qxa6
bxa6 21. Ra1 a5 22. Bd4 Bb4+ 23. Bc3 Kd7 24. Bxb4 axb4 25. Rhc1 a5 26. b3 Rhc8
27. Ne2 f6 28. f4 fxe5 29. fxe5 Rf8 30. Rf1 Ke7 31. Nd4 Rxf1 32. Rxf1 a4 33.
Ra1 Rf8 34. Rxa4 Rf2+ 35. Ke3 Rxg2 36. Rxb4 Rg5 37. Kf4 Rxh5 38. Rb7+ Ke8 39.
Nxe6 Rh1 40. Nxg7+ Kd8 41. e6 Re1 42. Rd7+ Kc8 43. Rxd5 1-0